000 00692nam a2200157 a 4500
008 060822s2005 xx |||||||||||||| || u
050 _aTHESIS
100 _aChishala, Lawrence Mulenga
245 1 4 _aThe potential of small-scale sawmills industries in contributing to national economic development
_cthesis supervised by F.M. Malambo
246 _aa case of Copperbelt Province
260 _a
_bCopperbelt University, School of Natural Resources
_c2005
350 _a0.00
650 _aSawmills - Zambia
650 _aFORESTRY
995 _D0.00
_FCBU-MAIN LIBRARY (Kitwe)
_H1
_I0.00
_M1
_UAVAILABLE
_WAug 22, 2006
_ZUniversity Collection
999 _c54083
_d54083